00525nam a2200193 a 4500001001300000003000900013005001700022008004100039020001000080082001300090100002200103245006700125260004100192300000900233500003500242505001000277650002200287700002200309nice12345678IN_TiNIC20260116011523.0050524s1916 lona grp 000 0 eng  ac10000a423bROG aRoget, Peter Mark aThesaurus of English Word and Phrases, Classified and Arranged aLondonbLongmans, Green and Coc1916 a670p aincludes index and biblioraphy2 aIndex aThesaurus-English1 aRoget, Peter Mark